000 00407nam a2200181Ia 4500
001 7519
005 20260306160501.0
008 260306t1994||||xx |||||||||||||| ||spa||
041 _aESP
082 _a339
_bS13
100 _aSachs, Jeffrey D.
_eAUT
245 0 _aMacroeconomía en la economía global
260 _c1994
300 _a
_c
650 _aGEN
654 _aCAN
942 _cLIB
_dJUS
_fJUS
_2ddc
_n
999 _c7519
_d7519